| 000 | 00395pam a2200169a 44500 | ||
|---|---|---|---|
| 008 | 230405s2002 xxu||||| |||| 00| 0 eng d | ||
| 041 | _aENG | ||
| 100 | _aBarry Render | ||
| 245 | _aQuantituate Analysis for Management | ||
| 250 | _a1 | ||
| 260 |
_a _bP H I Learning L.td _c2002 |
||
| 300 | _a766 P 24 cms | ||
| 440 | _a250 | ||
| 690 | _aIMRDA | ||
| 700 | _aRalph M Stair | ||
| 906 | _a2393 | ||
| 999 |
_c255252 _d255252 |
||